[Event "Ambes op 3rd"]
[Site "Ambes"]
[Date "2010.04.30"]
[Round "7"]
[White "Maisonnet, Emmanuel"]
[Black "Marimon, Frederic"]
[Result "1/2-1/2"]
[WhiteElo "1742"]
[BlackElo "1667"]
[PlyCount "86"]
[EventDate "2010.04.24"]
[EventType "swiss"]
[EventRounds "9"]
[EventCountry "FRA"]
[SourceTitle "EXT 2011"]
[Source "ChessBase"]
[SourceDate "2010.11.26"]
[SourceVersion "1"]
[SourceVersionDate "2010.11.26"]
[SourceQuality "1"]

1. d4 Nf6 2. c4 e6 3. Nc3 Bb4 4. Qc2 b6 5. f3 0-0 6. Bg5 h6 7. Bh4 Be7 8. e4 Ne8 9. Bd3 Bxh4+ 10. g3 Be7 11. Nge2 Nc6 12. Qd2 e5 13. h4 Nxd4 14. Nxd4 exd4 15. Nd5 Nf6 16. Nf4 Nh7 17. Kf2 d5 18. cxd5 Re8 19. Rag1 a5 20. Qc2 Bc5 21. Rc1 Ba6 22. Rhd1 Bxd3 23. Qxd3 Qd7 24. Kg2 Nf6 25. Qc4 Qe7 26. Re1 Bb4 27. Re2 Qc5 28. Nd3 Qxc4 29. Rxc4 Bd6 30. Rxd4 Nd7 31. Rc2 Ne5 32. Nc1 Rec8 33. f4 Nd7 34. a3 f6 35. Ne2 Nc5 36. Kf3 Nb3 37. Rdc4 Nc5 38. Nc3 Ne6 39. Nb5 Bc5 40. d6 Rd8 41. dxc7 Rd7 42. b4 axb4 43. axb4 Nd4+ 1/2-1/2

[Event "Ambes op 2nd"]
[Site "Ambes"]
[Date "2009.04.19"]
[Round "9"]
[White "Marimon, Frederic"]
[Black "Chansavang, Albain"]
[Result "0-1"]
[WhiteElo "1701"]
[BlackElo "1551"]
[PlyCount "104"]
[EventDate "2009.04.11"]
[EventType "swiss"]
[EventRounds "9"]
[EventCountry "FRA"]
[SourceTitle "EXT 2012"]
[Source "ChessBase"]
[SourceDate "2011.11.24"]
[SourceVersion "1"]
[SourceVersionDate "2011.11.24"]
[SourceQuality "1"]

1. Nf3 d5 2. b3 Nf6 3. Bb2 Bf5 4. e3 e6 5. Ne5 Bd6 6. f4 Nbd7 7. d3 Bxe5 8. fxe5 Ng4 9. Qe2 Ngxe5 10. Nd2 Qg5 11. 0-0-0 Qg6 12. h3 h5 13. e4 dxe4 14. dxe4 Bg4 15. hxg4 Qxg4 16. Nf3 Nc6 17. Qb5 Nb6 18. Rh4 a6 19. Qg5 Qxg5+ 20. Nxg5 e5 21. Be2 g6 22. Nf3 Nd7 23. Bc4 Rf8 24. Ba3 Rg8 25. Ng5 Rg7 26. Rf1 Nd8 27. Rh3 b5 28. Bd5 c6 29. Rhf3 cxd5 30. Rxf7 Rxf7 31. Nxf7 Nxf7 32. exd5 Nb6 33. d6 Nd7 34. Rd1 Rc8 35. Kd2 Rc6 36. Ke3 Nf6 37. Rd2 Kd7 38. Bb4 Nxd6 39. Bxd6 Rxd6 40. Rxd6+ Kxd6 41. a4 bxa4 42. bxa4 Kc5 43. Kd3 g5 44. c3 a5 45. c4 Ng4 46. Ke4 Kxc4 47. g3 Nf2+ 48. Kf3 Nh1 49. g4 hxg4+ 50. Kxg4 e4 51. Kh3 e3 52. Kg2 e2 0-1

[Event "Ambes op 2nd"]
[Site "Ambes"]
[Date "2009.04.12"]
[Round "2"]
[White "Pierre, Eric"]
[Black "Marimon, Frederic"]
[Result "0-1"]
[WhiteElo "1480"]
[BlackElo "1701"]
[PlyCount "86"]
[EventDate "2009.04.11"]
[EventType "swiss"]
[EventRounds "9"]
[EventCountry "FRA"]
[SourceTitle "EXT 2012"]
[Source "ChessBase"]
[SourceDate "2011.11.24"]
[SourceVersion "1"]
[SourceVersionDate "2011.11.24"]
[SourceQuality "1"]

1. e4 e6 2. d4 d5 3. exd5 exd5 4. Nf3 Bg4 5. h3 Bh5 6. Nc3 Bb4 7. Qd3 Nc6 8. Be2 Qe7 9. Be3 0-0-0 10. 0-0 Bg6 11. Qd2 h6 12. a3 Ba5 13. b4 Bb6 14. Na2 a6 15. Rfe1 Nf6 16. c4 dxc4 17. Bxc4 Ne4 18. Qb2 f6 19. d5 Bxe3 20. Rxe3 Na7 21. Nc3 f5 22. Rae1 Qf6 23. Nd2 Nxc3 24. Rxc3 Nb5 25. Bxb5 axb5 26. Qb3 Rhe8 27. Rd1 Bf7 28. Nf3 Bxd5 29. Qc2 c6 30. Nd4 Be4 31. Qc1 Rxd4 32. Re3 Rxd1+ 33. Qxd1 Re6 34. Qc1 Bd5 35. Rc3 Qg6 36. Rg3 Qe8 37. Qc5 f4 38. Rxg7 Re1+ 39. Kh2 f3 40. Qa7 Qe5+ 41. Rg3 fxg2 42. Qa8+ Kc7 43. Qa5+ Kd7 0-1

[Event "Ambes op 2nd"]
[Site "Ambes"]
[Date "2009.04.11"]
[Round "1"]
[White "Marimon, Frederic"]
[Black "Le Hetet, Nicolas"]
[Result "0-1"]
[WhiteElo "1701"]
[BlackElo "2090"]
[PlyCount "114"]
[EventDate "2009.04.11"]
[EventType "swiss"]
[EventRounds "9"]
[EventCountry "FRA"]
[SourceTitle "EXT 2012"]
[Source "ChessBase"]
[SourceDate "2011.11.24"]
[SourceVersion "1"]
[SourceVersionDate "2011.11.24"]
[SourceQuality "1"]

1. Nf3 d5 2. b3 Nf6 3. Bb2 e6 4. e3 Be7 5. c4 0-0 6. Nc3 Nbd7 7. Rc1 b6 8. cxd5 exd5 9. Nb5 c5 10. d4 a6 11. Nc3 Bb7 12. Be2 Re8 13. 0-0 Bd6 14. Qc2 Rc8 15. Qf5 Ne4 16. Bd3 g6 17. Qh3 Nxc3 18. Bxc3 c4 19. Bb1 b5 20. b4 a5 21. a3 axb4 22. axb4 Ra8 23. Qh6 Qe7 24. Ng5 f6 25. Nh3 Nf8 26. Rce1 Bxb4 27. Bxb4 Qxb4 28. f4 Qe7 29. f5 g5 30. Rf3 Qg7 31. Qh5 Qf7 32. Qh6 Kh8 33. Rg3 Ra6 34. Bc2 b4 35. Bd1 Re4 36. Nxg5 fxg5 37. Qxg5 h6 38. Rh3 Qf6 39. Qg3 b3 40. Bf3 Re7 41. Qf4 b2 42. g4 Qd6 43. Qxd6 Rxd6 44. g5 Rxe3 45. Rxe3 b1Q+ 46. Kf2 Qxf5 47. Rxh6+ Rxh6 48. gxh6 Ne6 49. Re5 Qh3 50. Rh5 Qxh5 51. Bxh5 Nxd4 52. Bg6 Nb3 53. Ke2 d4 54. Bc2 Nc5 55. Bb1 Be4 56. Ba2 c3 57. Kd1 d3 0-1

[Event "Pau op"]
[Site "Pau"]
[Date "2009.02.28"]
[Round "9"]
[White "Marimon, Frederic"]
[Black "Scott, Stan"]
[Result "1-0"]
[WhiteElo "1730"]
[BlackElo "1600"]
[PlyCount "43"]
[EventDate "2009.02.24"]
[EventType "swiss"]
[EventRounds "9"]
[EventCountry "FRA"]
[SourceTitle "CBM 129 Extra"]
[Source "ChessBase"]
[SourceDate "2009.05.05"]
[SourceVersion "2"]
[SourceVersionDate "2009.05.20"]
[SourceQuality "1"]

1. Nf3 Nf6 2. b3 d5 3. Bb2 e6 4. c4 c6 5. e3 Bd6 6. Qc2 Nbd7 7. Nc3 0-0 8. Be2 Re8 9. 0-0 e5 10. cxd5 cxd5 11. Rac1 a6 12. h3 b5 13. Nxd5 Nxd5 14. Qc6 N7f6 15. Qxa8 Ne7 16. d3 Qb6 17. Nxe5 Be6 18. Qf3 Qb8 19. Nc6 Nxc6 20. Qxc6 Bd5 21. Qxa6 Rxe3 22. Rc8+ 1-0